000 00414nam a2200169Ia 4500
008 230524s9999 xx 000 0 und d
082 _a415
_bPAN
100 _aR.K.Panda
245 0 _aCommunicative English & Business Communication
250 _a2ND
260 _aBBSR
_bAlok
_c2005
300 _a807
500 _aQuantity Number: 52
650 _aEnglish
700 _a" J.Khuntia , M.Pati,,,"
942 _cBK
999 _c5279
_d5279